Deutsche Bundespräsidenten nach Anfangsbuchstaben - Whammies - Statistiken

Allgemein
  • Dieses Quiz wurde 105 mal gespielt
  • Das Durchschnittsergebnis liegt bei 3 aus 12
Antwortstatistiken
# Amtszeit Name % Korrekt
1 1949–1959 Theodor Heuss
76%
12 2017– Frank-Walter Steinmeier
53%
11 2012–2017 Joachim Gauck
35%
10 2010–2012 Christian Wulff
33%
2 1959–1969 Heinrich Lübke
25%
9 2004–2010 Horst Köhler
22%
8 1999–2004 Johannes Rau
18%
6 1984–1994 Richard von Weizsäcker
18%
3 1969–1974 Gustav Heinemann
16%
4 1974–1979 Walter Scheel
16%
5 1979–1984 Karl Carstens
15%
7 1994–1999 Roman Herzog
13%
Keine übereinstimmenden Quizze gefunden
Verteilung der Resultate
Anzahl Personen mit jedem Resultat
Perzentil nach korrekt beantworteten Fragen
Ihre Resultats-Entwicklung
Sie haben dieses Quiz noch nicht gespielt